LEADER 01090nam a2200265 i 4500 001 000000147504 003 CaOOAMICUS 005 20060203000000.0 008 060203s1988 it u000 u ita u 013 $a124717 020 $a88-420-3281-6 040 $aSeMil$bita 100 1 $aAngeli Bernardini, Paola.$0(OLS)http://semarc/name/58493 245 13$aLo sport in Grecia /$cP. Angeli Bernardini ... [et al.] ; a cura di Paola Angeli Bernardini. 260 $aRoma ; Bari :$bLaterza,$c1988. 300 $aXXXVII, 262 p. :$bill. ;$c21 cm. 490 0 $aStoria e società 650 4$aGiochi ginnisti e sportivi - Grecia antica.$0(OLS)http://semarc/subject/28815 830 0$aStoria e società.$0(OLS)http://semarc/title/2818 850 $aSeMil 852 $aSeMil$W1$xVenegono$y1$m3S II 46$j237623$B100054$CSeMilBibl$Z2$F108596 $81 961 $aOmaggio: Oneta don Marco 996 $6020$a88-420-3281-6$9(OLS)http://semarc/number/136210 996 $6245$aLo sport in Grecia$9(OLS)http://semarc/title/215655 996 $6260$aRoma ; Bari :$bLaterza$9(OLS)http://semarc/publisher/30305 LEADER 01837nam a2200325 i 4500 001 000000202457 003 CaOOAMICUS 005 20231123101648.0 008 110524s1778 it u000 u ita u 013 $a181166 026 $ao.n- tola i,ar prfa (3) 1778 (R) 040 $aSeMil$bita 100 1 $aRabbi, Carlo Costanzo,$c.$0(OLS)http://semarc/name/24474 245 10$aSinonimi, ed aggiunti italiani raccolti dal padre Carlo Costanzo Rabbi ... con in fine un trattato de' sinonimi, degli aggiunti, e delle similitudini ... Parte prima [-seconda]. 250 $aUltima edizione accresciuta di giunte postume dell'autore, e di prosastica frasologia dal p. maestro Alessandro Maria Bandiera per agevolare l'esercizio della toscana eloquenza. 260 $aParma :$bappreso i Fratelli Borsi,$c1778. 300 $aXV, [1], 388 p. ;$c4°. 500 $aSegn.: [*]-2[*]4 A-3B4 3C2 500 $aNel titolo la partizione del v. segue l'indicazione di edizione 500 $aLa Pt. seconda inizia a c. 2A3r. 500 $aTesto su due o tre colonne 500 $aFregi e iniz. ornate 650 4$aLingua italiana - Dizionari, vocabolari, glossari, etc. - Ed. ante 1900.$0(OLS)http://semarc/subject/38072 700 1 $aBandiera, Alessandro Maria,$c.$0(OLS)http://semarc/name/7994 700 1 $aBorsi fratelli,$c.$0(OLS)http://semarc/name/12565 850 $aSeMil 852 $aSeMil$W1$xVenegono$y1$m1B VII 38 FA$j152980$B152980$CSeMilBibl$Z2$F163995 $8I 996 $6245$aSinonimi, ed aggiunti italiani raccolti dal padre Carlo Costanzo Rabbi ... con in fine un trattato de' sinonimi, degli aggiunti, e delle similitudini ... Parte prima [-seconda]$9(OLS)http://semarc/title/293087 996 $6260$aParma :$bappreso i Fratelli Borsi$9(OLS)http://semarc/publisher/51740